00697nam a2200229 a 450000100060000000300090000600800410001502000180005604000280007404100080010208200150011010000190012524500620014425000110020626000320021730000110024949000160026050000600027660000570033661000370039365000370043026427CO-ViMGA141112s2004 ck r 000 u spa d a9788483068168 aCO-ViMGAbspacCO-ViMGA aSPA04a928.6 G17m1 aMartin, Gerald10aGabriel García Márquez : buna vida / cGerald Martin a1a ed. aBogotá : bDebate, c2009 a762 p. aBiografía aTítulo original : Gabriel García Márquez : A Life aGARCIA MARQUEZ, GABRIEL, 1928 - 2014 - BIBLIOGRAFIAS aPREMIO NOBEL DE LITERATURA, 198214aAUTORES COLOMBIANOS - BIOGRAFIAS